[Event "Warren (MCO/6/56)"]
[Site "?"]
[Date "1986.??.??"]
[Round "?"]
[White "Sujarit, A.."]
[Black "Mistry, J.."]
[Result "0-1"]
[WhiteElo "1605"]
[BlackElo "1605"]
[PlyCount "146"]
[EventDate "1986.??.??"]

{6/(56)} 1. e4 e5 2. Nf3 Nc6 3. Bb5 a6 4. Ba4 b5 5. Bb3 Nf6 6. O-O Bc5 7. Re1
d6 8. h3 O-O 9. c3 Bb7 10. d4 exd4 11. cxd4 Bb4 12. Bd2 d5 13. exd5 Nxd5 14.
Bxb4 Ndxb4 15. d5 Ne7 16. Nc3 Nexd5 17. Nxd5 Nxd5 18. a3 Nf4 19. Qxd8 Rfxd8 20.
Kh2 Nd3 21. Re7 Bd5 22. Bxd5 Rxd5 23. Rxc7 Nxb2 24. Rac1 Nd3 25. Rc8+ Rd8 26.
Rxa8 Rxa8 27. Rc2 b4 28. axb4 Nxb4 29. Rc4 a5 30. Nd2 Rb8 31. Nb1 g6 32. Nc3
Nd3 33. f4 Nb2 34. Rd4 Rb3 35. Na4 Nxa4 36. Rxa4 Rb5 37. Kg3 Kf8 38. Kf3 Ke7
39. Ke3 Kd6 40. Kd4 Rd5+ 41. Kc4 Kc6 42. h4 Rc5+ 43. Kd4 Kb5 44. Ra2 Rc4+ 45.
Ke3 Kb4 46. g3 a4 47. Kd3 Kb3 48. Ra1 Rc3+ 49. Kd2 a3 50. Rb1+ Ka2 51. Rc1 Rxc1
52. Kxc1 Kb3 53. Kb1 h6 54. g4 f6 55. g5 fxg5 56. fxg5 hxg5 57. hxg5 Kc3 58.
Ka2 Kd4 59. Kxa3 Ke5 60. Kb3 Kf5 61. Kc3 Kxg5 62. Kd3 Kf4 63. Ke2 Kg3 64. Kf1
Kh2 65. Kf2 g5 66. Kf3 Kh3 67. Kf2 g4 68. Kg1 Kg3 69. Kh1 Kf2 70. Kh2 g3+ 71.
Kh1 g2+ 72. Kh2 g1=Q+ 73. Kh3 Qg3# 0-1

[Event "Warren (MCO/2/33)"]
[Site "?"]
[Date "1986.??.??"]
[Round "?"]
[White "Sujarit, A.."]
[Black "Johnston, R.."]
[Result "0-1"]
[WhiteElo "1605"]
[BlackElo "2735"]
[PlyCount "120"]
[EventDate "1986.??.??"]

{2/(33)} 1. e4 d5 2. e5 d4 3. d3 Nc6 4. c3 Nxe5 5. Nf3 Bg4 6. Be2 Bxf3 7. Bxf3
dxc3 8. d4 Nxf3+ 9. Qxf3 c2 10. Nc3 Qxd4 11. O-O c6 12. Be3 Qd7 13. Rac1 Nf6
14. Rxc2 g6 15. Rd2 Qg4 16. Qxg4 Nxg4 17. Bd4 O-O-O 18. Rdd1 e5 19. Bxa7 f5 20.
Rxd8+ Kxd8 21. Rd1+ Kc7 22. Na4 Bg7 23. Bb6+ Kc8 24. Nc5 e4 25. Rd7 e3 26. fxe3
Be5 27. g3 Nxe3 28. Rxb7 Nd5 29. Ba5 Bd6 30. Kg2 Bxc5 31. Rf7 Bb4 32. Bxb4 Nxb4
33. a3 Nd3 34. b4 Ne5 35. Re7 Nc4 36. a4 h5 37. a5 g5 38. Rf7 Nd6 39. Re7 Kd8
40. Ra7 g4 41. Ra8+ Nc8 42. a6 Rh7 43. Rb8 Ra7 44. b5 Kc7 45. Rb7+ Rxb7 46.
axb7 cxb5 47. bxc8=Q+ Kxc8 48. Kf2 Kd7 49. Ke2 Kd6 50. Kd3 Ke5 51. Ke3 b4 52.
Kd3 f4 53. gxf4+ Kxf4 54. Kc4 Kf3 55. Kxb4 g3 56. hxg3 Kxg3 57. Kc5 h4 58. Kd5
h3 59. Ke5 h2 60. Ke4 h1=Q+ 0-1

[Event "Warren (MCO/4/54)"]
[Site "?"]
[Date "1986.??.??"]
[Round "?"]
[White "Sujarit, A.."]
[Black "Frantom, M.."]
[Result "0-1"]
[WhiteElo "1605"]
[BlackElo "1605"]
[PlyCount "156"]
[EventDate "1986.??.??"]

{4/(54)} 1. e4 e6 2. d4 d5 3. exd5 exd5 4. Nf3 Bg4 5. h3 Bxf3 6. Qxf3 Nc6 7.
Be3 Nb4 8. Qe2 Nf6 9. Bd2+ Qe7 10. Bxb4 Qxe2+ 11. Bxe2 Bxb4+ 12. Nc3 Ne4 13.
O-O Nxc3 14. bxc3 Bxc3 15. Rad1 O-O 16. Rd3 Ba5 17. Re3 Rae8 18. Rxe8 Rxe8 19.
Bf3 c6 20. Rb1 Bc7 21. g3 Rb8 22. a3 b5 23. Kf1 a5 24. c3 Bd6 25. Ra1 f6 26. h4
g6 27. Ke2 Kf7 28. Kd3 Ke6 29. a4 c5 30. dxc5 Bxc5 31. Re1+ Kd6 32. Rb1 b4 33.
cxb4 Rxb4 34. Rxb4 Bxb4 35. Kd4 Bc5+ 36. Kd3 Bxf2 37. h5 Bxg3 38. hxg6 hxg6 39.
Ke3 Ke5 40. Kd3 d4 41. Be4 f5 42. Bc6 f4 43. Bf3 Bh4 44. Be4 g5 45. Bf3 Be1 46.
Bg4 Bb4 47. Bf3 Bc5 48. Bg4 f3 49. Bxf3 Kf4 50. Be4 g4 51. Bc6 Kg3 52. Bd7 Kf3
53. Bxg4+ Kxg4 54. Ke4 Kg3 55. Kd3 Kf3 56. Kd2 Ke4 57. Ke2 d3+ 58. Kd2 Bb4+ 59.
Kc1 Ke3 60. Kd1 d2 61. Kc2 Ke2 62. Kb3 d1=Q+ 63. Kc4 Qxa4 64. Kd4 Bd2+ 65. Kd5
Qb4 66. Ke5 Qc4 67. Kd6 Qe4 68. Kc5 Qd3 69. Kc6 Qd4 70. Kc7 Qd5 71. Kb6 Qc4 72.
Kb7 Qc5 73. Kb8 Qc6 74. Ka7 Qb5 75. Ka8 Ke3 76. Ka7 Kd4 77. Ka8 Kc5 78. Ka7 Kc6
0-1

[Event "Warren (MCO/1/36)"]
[Site "?"]
[Date "1986.??.??"]
[Round "?"]
[White "Suess, J.."]
[Black "Selitsky, B.."]
[Result "0-1"]
[WhiteElo "1605"]
[BlackElo "1845"]
[PlyCount "99"]
[EventDate "1986.??.??"]

{1/(36)} 1. e4 c5 2. Bc4 Nc6 3. Ne2 g6 4. a3 Bg7 5. c3 Ne5 6. d3 Nxc4 7. dxc4
d6 8. O-O Nf6 9. Ng3 O-O 10. Bg5 h6 11. Bxf6 Bxf6 12. Nd2 h5 13. Re1 Be6 14.
Qe2 Qc7 15. Nf3 Rfe8 16. Qd3 Rad8 17. Rad1 a6 18. Re3 Qb8 19. Qe2 b5 20. Nd2
Bg5 21. Rf3 Bg4 22. h3 Bxf3 23. Qxf3 Bxd2 24. cxb5 Bh6 25. a4 axb5 26. axb5
Qxb5 27. Qe2 Qxe2 28. Nxe2 Rb8 29. Rb1 Rb7 30. c4 Reb8 31. f4 Rxb2 32. Re1 Rb1
33. Rxb1 Rxb1+ 34. Kf2 Rb2 35. Ke3 e5 36. g3 exf4+ 37. gxf4 Rb3+ 38. Kf2 Rxh3
39. Ke1 Re3 40. Kf2 Rxe2+ 41. Kxe2 Bxf4 42. Kf3 Be5 43. Kg2 h4 44. Kh3 g5 45.
Kg4 Kg7 46. Kh3 Kg6 47. Kg4 f6 48. Kh3 f5 49. exf5+ Kxf5 50. Kg2 {[Remainder
illegible; 0-1, 59?]} 0-1

[Event "Warren (MCO/3/62)"]
[Site "?"]
[Date "1986.??.??"]
[Round "?"]
[White "Suess, J.."]
[Black "Dobson, R.."]
[Result "0-1"]
[WhiteElo "1605"]
[BlackElo "1605"]
[PlyCount "88"]
[EventDate "1986.??.??"]

{3/(62)} 1. e4 e6 2. e5 d5 3. d4 c5 4. Nf3 cxd4 5. Qxd4 Nc6 6. Bb5 Bd7 7. Qa4
a6 8. Bxc6 Bxc6 9. Qf4 Rc8 10. Ng5 f6 11. Nxe6 Qe7 12. Qg4 Bd7 13. exf6 Qxf6
14. Bg5 Qxe6+ 15. Qxe6+ Bxe6 16. O-O Rxc2 17. b3 Be7 18. Bf4 Bf6 19. Na3 Bxa1
20. Nxc2 Bc3 21. Rc1 Nf6 22. Ne3 Ba5 23. a3 O-O 24. Bd6 Rc8 25. Rxc8+ Bxc8 26.
b4 Bb6 27. Nc2 d4 28. Bf4 d3 29. Ne1 Bf5 30. h3 Nd5 31. Bd2 Bd4 32. Nf3 Bc3 33.
Bxc3 Nxc3 34. Kf1 Nb1 35. a4 Be4 36. Ng5 Bxg2+ 37. Ke1 d2+ 38. Kd1 h6 39. Ne6
Bf3+ 40. Kc2 d1=Q+ 41. Kb2 Qxa4 42. Nd4 Qxb4+ 43. Nb3 Be4 44. f3 Qa3# 0-1

[Event "Warren (MCO/5/47)"]
[Site "?"]
[Date "1986.??.??"]
[Round "?"]
[White "Sturgis, Derreck"]
[Black "Ridella, Dennis"]
[Result "0-1"]
[WhiteElo "1605"]
[BlackElo "1605"]
[PlyCount "104"]
[EventDate "1986.??.??"]

{5/(47)} 1. e4 c5 2. Nf3 Nc6 3. d4 cxd4 4. Nxd4 Nf6 5. Nc3 e6 6. Nf3 Be7 7. Bf4
d6 8. Bc4 O-O 9. e5 dxe5 10. Nxe5 Nxe5 11. Bxe5 Qxd1+ 12. Rxd1 a6 13. O-O b5
14. Be2 Bb7 15. Bf3 Bxf3 16. gxf3 Rad8 17. a3 h6 18. h3 Nh5 19. Kh2 f6 20. Bd4
Bd6+ 21. Kh1 Nf4 22. Be3 Nxh3 23. Bb6 Rd7 24. Ne4 Rb8 25. Bc7 Rxc7 26. Rxd6
Rxc2 27. Kg2 Nf4+ 28. Kh2 Rxb2 29. Rg1 g5 30. Nxf6+ Kf7 31. Ng4 Kg6 32. Rxa6 h5
33. Ne5+ Kf5 34. Nd7 Rd8 35. Rd6 Rxf2+ 36. Kh1 Rxf3 37. Rgd1 Rxa3 38. Rb1 Ra5
39. Rbd1 b4 40. Nb6 Rxd6 41. Rxd6 Rb5 42. Nc4 b3 43. Rd2 Rb4 44. Nb2 e5 45. Kh2
e4 46. Kg3 h4+ 47. Kf2 Nd3+ 48. Nxd3 exd3 49. Rb2 Ke4 50. Ke1 g4 51. Kf2 d2 52.
Ke2 Rd4 0-1

[Event "Kalamazoo (WMUSO/5/12)"]
[Site "?"]
[Date "1986.??.??"]
[Round "?"]
[White "Sturgis, Derreck"]
[Black "Griffin, John"]
[Result "0-1"]
[WhiteElo "1605"]
[BlackElo "1605"]
[PlyCount "52"]
[EventDate "1986.??.??"]

{5/(12)} 1. d4 d5 2. c4 e6 3. Nc3 Nf6 4. Bg5 Be7 5. Rc1 b6 6. cxd5 exd5 7. f3
h6 8. Bf4 Bd6 9. Bxd6 Qxd6 10. Nb5 Qb4+ 11. Nc3 c6 12. e3 Qxb2 13. Qc2 Qxc2 14.
Rxc2 O-O 15. e4 dxe4 16. fxe4 Bb7 17. Nf3 Re8 18. Bd3 Ba6 19. Kd2 Bxd3 20. Kxd3
Na6 21. a3 Rac8 22. Rhc1 Nb8 23. d5 cxd5 24. Nxd5 Rcd8 25. Kc4 Rxe4+ 26. Kd3
Rxd5+ 0-1

[Event "Kalamazoo (WMUSO/3/15)"]
[Site "?"]
[Date "1986.??.??"]
[Round "?"]
[White "Sturgis, Derreck"]
[Black "Denning, D.."]
[Result "1/2-1/2"]
[WhiteElo "1605"]
[BlackElo "1605"]
[PlyCount "145"]
[EventDate "1986.??.??"]

{3/(15)} 1. Nf3 d6 2. d4 Nc6 3. e4 e5 4. dxe5 Be6 5. Bb5 a6 6. Bxc6+ bxc6 7.
Ng5 dxe5 8. Nxe6 fxe6 9. Qh5+ Ke7 10. Qxe5 Nf6 11. Bg5 Qd7 12. Bxf6+ gxf6 13.
Qc5+ Qd6 14. Qxd6+ Kxd6 15. Nc3 Ke7 16. Rd1 Rd8 17. Rxd8 Kxd8 18. O-O Bd6 19.
Rd1 Kc8 20. Ne2 Rd8 21. Nd4 c5 22. Nf3 Bxh2+ 23. Kxh2 Rxd1 24. g4 Kd7 25. e5
Ke7 26. exf6+ Kxf6 27. g5+ Kg6 28. Kg3 h5 29. Kf4 Rd5 30. Nh4+ Kg7 31. g6 Rd4+
32. Kg5 Rd2 33. f4 Rf2 34. c4 Rxb2 35. a3 Rc2 36. Kxh5 Rxc4 37. Kg5 Re4 38. Ng2
c4 39. f5 exf5 40. Kxf5 Re2 41. Nf4 Rf2 42. Kg5 Rxf4 43. Kxf4 c3 44. Ke3 Kxg6
45. Kd3 Kf6 46. Kxc3 Ke6 47. Kd4 Kd6 48. Kc4 Kc6 49. a4 Kb6 50. Kb4 a5+ 51. Kc4
c6 52. Kd4 Kc7 53. Kc5 Kb7 54. Kc4 Kb6 55. Kd4 Kc7 56. Kc5 Kb7 57. Kc4 Kb6 58.
Kd4 c5+ 59. Kd5 Ka6 60. Kxc5 Ka7 61. Kb5 Ka8 62. Kxa5 Ka7 63. Kb5 Kb8 64. a5
Ka7 65. a6 Kb8 66. Kb6 Ka8 67. Ka5 Ka7 68. Kb5 Ka8 69. Kc6 Ka7 70. Kb5 Ka8 71.
Kb6 Kb8 72. a7+ Ka8 73. Ka6 1/2-1/2

[Event "Warren (MCO/1/34)"]
[Site "?"]
[Date "1986.??.??"]
[Round "?"]
[White "Sturgis, Derreck"]
[Black "Coleman, John"]
[Result "0-1"]
[WhiteElo "1605"]
[BlackElo "1915"]
[PlyCount "54"]
[EventDate "1986.??.??"]

{1/(34)} 1. Nf3 Nf6 2. d4 d5 3. c4 e6 4. Nc3 Be7 5. cxd5 exd5 6. Bf4 c6 7. e3
Nbd7 8. Bd3 O-O 9. O-O Re8 10. e4 dxe4 11. Bxe4 Nxe4 12. Nxe4 Nf6 13. Re1 Bg4
14. Qd3 Bxf3 15. gxf3 Nd5 16. Bd2 Qc7 17. Rac1 Rad8 18. Kh1 Nf4 19. Bxf4 Qxf4
20. Rg1 Bd6 21. Ng3 Be5 22. Qe4 Rxd4 23. Qxf4 Rxf4 24. Nf5 Rxf5 25. Rcd1 Rxf3
26. Rg2 g6 27. Rd7 Bxb2 0-1

[Event "Warren (MCO/2/42)"]
[Site "?"]
[Date "1986.??.??"]
[Round "?"]
[White "Sturgis, Derreck"]
[Black "Alayli, G.."]
[Result "0-1"]
[WhiteElo "1605"]
[BlackElo "1660"]
[PlyCount "46"]
[EventDate "1986.??.??"]

{2/(42)} 1. d4 d5 2. c4 e6 3. Nc3 Nf6 4. Bg5 Nbd7 5. Nf3 h6 6. Bh4 c6 7. e3 Bb4
8. Rc1 Qa5 9. a3 Bxc3+ 10. Rxc3 Ne4 11. b4 Nxc3 12. bxa5 Nxd1 13. Kxd1 b6 14.
cxd5 exd5 15. a6 b5 16. Bd3 Nb6 17. e4 O-O 18. exd5 Nxd5 19. Kd2 Bxa6 20. Re1
Rfe8 21. Rc1 Bb7 22. Ne5 Rac8 23. g3 g5 0-1

[Event "Dearborn (MEX/4)"]
[Site "Dearborn"]
[Date "1986.??.??"]
[Round "?"]
[White "Stone, Ray"]
[Black "Wygrecki, J.."]
[Result "1-0"]
[WhiteElo "2315"]
[BlackElo "2285"]
[PlyCount "105"]
[EventDate "1986.??.??"]

1. d4 Nf6 2. c4 g6 3. Nc3 Bg7 4. e4 d6 5. Nf3 O-O 6. Be2 e5 7. Be3 Ng4 8. Bg5
f6 9. Bh4 Nc6 10. d5 Ne7 11. Nd2 Nh6 12. f3 Kh8 13. b4 g5 14. Bf2 Ng6 15. g3 f5
16. c5 g4 17. fxg4 Nxg4 18. Bxg4 fxg4 19. Qe2 Bh6 20. Be3 Bg7 21. Rc1 Bd7 22.
Nc4 dxc5 23. Bxc5 Rf3 24. Nd2 Bh6 25. Rc2 Rf7 26. Nc4 Rf3 27. Rf1 Qf6 28. Rxf3
gxf3 29. Qd3 b6 30. Be3 Bf8 31. a3 Bd6 32. Rf2 Rf8 33. Nd2 Bg4 34. Nb5 a5 35.
Nxd6 Qxd6 36. Nc4 Qd7 37. Qc3 axb4 38. axb4 Re8 39. Bc1 Kg8 40. Nd2 Rf8 41.
Nxf3 Qf7 42. Bh6 Ra8 43. Nxe5 Qe7 44. Nxg4 Qxe4+ 45. Re2 Ra1+ 46. Kf2 Qf5+ 47.
Ke3 Ne5 48. Nxe5 Rf1 49. Bf4 Qh3 50. Qxc7 Rxf4 51. Kxf4 Qf1+ 52. Ke3 Qc1+ 53.
Qxc1 1-0

[Event "Dearborn (MEX/3)"]
[Site "Dearborn"]
[Date "1986.??.??"]
[Round "?"]
[White "Stone, Ray"]
[Black "Poschel, Paul"]
[Result "1/2-1/2"]
[WhiteElo "2315"]
[BlackElo "2300"]
[PlyCount "35"]
[EventDate "1986.??.??"]

1. Nf3 d5 2. g3 Nf6 3. Bg2 g6 4. c4 c6 5. b3 Bg7 6. Bb2 O-O 7. O-O b6 8. Qc2
Bb7 9. d3 c5 10. Ne5 Nbd7 11. Nd2 Nxe5 12. Bxe5 Qd7 13. cxd5 Nxd5 14. Bxg7 Kxg7
15. Qb2+ f6 16. d4 cxd4 17. Qxd4 e5 18. Qb2 1/2-1/2

[Event "Dearborn (MEX/1)"]
[Site "Dearborn"]
[Date "1986.??.??"]
[Round "?"]
[White "Stone, Ray"]
[Black "Groeller, W.."]
[Result "1-0"]
[WhiteElo "2315"]
[BlackElo "2075"]
[PlyCount "71"]
[EventDate "1986.??.??"]

1. d4 d5 2. c4 e6 3. Nc3 Be7 4. Nf3 Nf6 5. Bg5 O-O 6. e3 Nbd7 7. Qc2 c5 8.
O-O-O cxd4 9. Nxd4 dxc4 10. Bxc4 Qa5 11. h4 Bb4 12. Nb3 Qb6 13. Kb1 a6 14. Be2
Qc7 15. Rc1 b5 16. Bf3 Bb7 17. Qe2 Bxf3 18. Qxf3 Qb6 19. Ne4 Be7 20. Nxf6+ Bxf6
21. Rc6 Qa7 22. Qe4 Rac8 23. Rhc1 Rxc6 24. Qxc6 Ne5 25. Qe4 Qa8 26. Nc5 Qxe4+
27. Nxe4 Bxg5 28. hxg5 Rd8 29. Rc7 Kf8 30. Ra7 Rd1+ 31. Kc2 Rg1 32. g3 Ng4 33.
Nd6 f6 34. Rf7+ Kg8 35. Re7 e5 36. Re8# 1-0

[Event "Monroe (MI Op/7/19)"]
[Site "?"]
[Date "1986.??.??"]
[Round "?"]
[White "Stefanski, Mark"]
[Black "Selitsky, B.."]
[Result "1/2-1/2"]
[WhiteElo "1910"]
[BlackElo "1845"]
[PlyCount "95"]
[EventDate "1986.??.??"]

{7/(19)} 1. e4 c5 2. Nc3 Nc6 3. Nge2 g6 4. g3 e6 5. d3 Nge7 6. Bg2 Bg7 7. O-O
O-O 8. h3 d5 9. Kh2 d4 10. Nb1 e5 11. f4 Bd7 12. Nd2 a6 13. Nf3 Rc8 14. g4 exf4
15. Bxf4 b6 16. Qd2 Re8 17. Bg3 Kh8 18. Ng5 Be6 19. Nxf7+ Bxf7 20. Rxf7 Ne5 21.
Rxg7 Nxg4+ 22. hxg4 Kxg7 23. Be5+ Kg8 24. Qh6 Nf5 25. gxf5 Rxe5 26. Bh3 Qc7 27.
Nf4 Qg7 28. Qxg7+ Kxg7 29. fxg6 Rf8 30. Ne6+ Rxe6 31. Bxe6 Rf2+ 32. Kg3 Rxc2
33. gxh7 Kxh7 34. Bc8 Rxb2 35. Bxa6 b5 36. Kf4 c4 37. dxc4 b4 38. Bb5 d3 39.
Ke3 d2 40. Kd3 Rxa2 41. Rd1 b3 42. Rxd2 b2 43. Rh2+ Kg7 44. Rxb2 Rxb2 45. Bc6
Kf6 46. Kd4 Rd2+ 47. Kc5 Ke5 48. Bd5 1/2-1/2

[Event "Monroe (MI Op/2/28)"]
[Site "?"]
[Date "1986.??.??"]
[Round "?"]
[White "Stefanski, Mark"]
[Black "Raftshol, W.."]
[Result "0-1"]
[WhiteElo "1910"]
[BlackElo "1710"]
[PlyCount "86"]
[EventDate "1986.??.??"]

{2/(28)} 1. e4 e6 2. d4 d5 3. Nd2 Nf6 4. e5 Nfd7 5. f4 c5 6. c3 Nc6 7. Ndf3 Qa5
8. Bd2 Qb6 9. Bc1 cxd4 10. cxd4 Bb4+ 11. Kf2 f6 12. Be3 O-O 13. Qc2 Rf7 14. Bd3
Nf8 15. h4 Qd8 16. Nh3 f5 17. h5 Rc7 18. Qe2 Bd7 19. Nd2 Be8 20. Ng5 Be7 21. g4
Bxg5 22. fxg5 f4 23. Bxf4 Nxd4 24. Qe3 Nc2 25. Bxc2 Rxc2 26. Rab1 Rac8 27. Qd3
Qb6+ 28. Be3 Qb5 29. Qxb5 Bxb5 30. Rhd1 Nd7 31. Bd4 Rf8+ 32. Kg3 Be2 33. Bc3
Bxd1 34. Rxd1 Rxc3+ 35. bxc3 Nxe5 36. Rb1 Rf7 37. Rb4 Rc7 38. Kf4 Nd3+ 39. Ke3
Nxb4 40. cxb4 Rc2 41. a4 Rb2 42. b5 Rb4 43. a5 Rxb5 0-1

[Event "Taylor (SEMO/2/6)"]
[Site "?"]
[Date "1986.??.??"]
[Round "?"]
[White "Stefanski, Mark"]
[Black "Poschel, Paul"]
[Result "0-1"]
[WhiteElo "1845"]
[BlackElo "2275"]
[PlyCount "62"]
[EventDate "1986.??.??"]

{2/(6)} 1. e4 c5 2. Nc3 Nc6 3. g3 g6 4. Bg2 Bg7 5. Nge2 e6 6. d3 Nge7 7. O-O
O-O 8. h3 Rb8 9. Be3 Nd4 10. Qd2 b5 11. Nd1 d5 12. Nf4 dxe4 13. dxe4 e5 14. Nd5
Nxd5 15. exd5 Qd6 16. c3 Nf5 17. Rb1 Bb7 18. b4 Nxe3 19. Nxe3 c4 20. Ra1 f5 21.
f4 Rfe8 22. a4 a6 23. axb5 axb5 24. fxe5 Qxe5 25. Nxc4 bxc4 26. Rfe1 Qxc3 27.
Rxe8+ Rxe8 28. Qxc3 Bxc3 29. Ra4 Bd4+ 30. Kh2 c3 31. b5 c2 0-1

[Event "Taylor (SEMO/4/11)"]
[Site "?"]
[Date "1986.??.??"]
[Round "?"]
[White "Stefanski, Mark"]
[Black "Nikolovski, Oliver"]
[Result "1/2-1/2"]
[WhiteElo "1845"]
[BlackElo "1920"]
[PlyCount "44"]
[EventDate "1986.??.??"]

{4/(11)} 1. e4 e6 2. d4 d5 3. Nd2 Nf6 4. e5 Nfd7 5. f4 c5 6. c3 Nc6 7. Ndf3
cxd4 8. cxd4 Nb6 9. Ne2 Bd7 10. Ng3 g6 11. h4 h5 12. Bd3 a5 13. O-O a4 14. a3
Ne7 15. Ng5 Rc8 16. Bd2 Nc4 17. Bxc4 Rxc4 18. Bc3 Nf5 19. Nxf5 gxf5 20. Re1 Be7
21. Re3 Qb6 22. Qe1 Bb5 1/2-1/2

[Event "Monroe (MI Op/4/22)"]
[Site "?"]
[Date "1986.??.??"]
[Round "?"]
[White "Stefanski, Mark"]
[Black "Levadi, David"]
[Result "1-0"]
[WhiteElo "1910"]
[BlackElo "1790"]
[PlyCount "107"]
[EventDate "1986.??.??"]

{4/(22)} 1. e4 e5 2. Nc3 Nf6 3. g3 d5 4. exd5 Nxd5 5. Bg2 Nxc3 6. bxc3 c6 7.
Ne2 Bg4 8. O-O Bd6 9. Rb1 Qc7 10. d3 Nd7 11. c4 O-O 12. Be3 f5 13. Qd2 f4 14.
gxf4 exf4 15. Bxf4 Rxf4 16. Nxf4 Bxf4 17. Qb4 Bxh2+ 18. Kh1 Rb8 19. c5 Bf4 20.
Rfe1 Nf6 21. Qc4+ Kh8 22. d4 Bh5 23. Qd3 Bg6 24. Qa3 a6 25. Qb3 Bf7 26. c4 g5
27. Qh3 g4 28. Qh4 Kg7 29. Rbd1 Rd8 30. Be4 h6 31. Bf5 Bg5 32. Qg3 Qxg3 33.
fxg3 Bxc4 34. Re7+ Kf8 35. Rxb7 Nh5 36. Kg2 Bd5+ 37. Kf2 Re8 38. Bg6 Be3+ 39.
Ke2 Bf3+ 40. Kd3 Bxd1 41. Bxe8 Kxe8 42. Kxe3 Nxg3 43. Rb6 Bf3 44. Rxa6 Nf5+ 45.
Kf2 Nxd4 46. Ra3 h5 47. Rd3 Nf5 48. a4 Be4 49. Rd2 Bd5 50. a5 g3+ 51. Kg1 Bc4
52. Rb2 h4 53. Rb4 Be2 54. Re4+ 1-0

[Event "Warren (MCO/4/10)"]
[Site "?"]
[Date "1986.??.??"]
[Round "?"]
[White "Stefanski, Mark"]
[Black "Kulbacki, James"]
[Result "1/2-1/2"]
[WhiteElo "1920"]
[BlackElo "2120"]
[PlyCount "77"]
[EventDate "1986.??.??"]

{4/(10)} 1. e4 e6 2. d4 d5 3. Nd2 Nf6 4. e5 Nfd7 5. Bd3 c5 6. c3 b6 7. Ne2 Ba6
8. Bxa6 Nxa6 9. f4 Be7 10. O-O g6 11. Nf3 Qc7 12. Be3 O-O-O 13. Qd3 Kb7 14.
Rfc1 c4 15. Qd2 h6 16. b3 Rc8 17. b4 Nab8 18. a4 Nc6 19. Kf2 Rcg8 20. Rg1 g5
21. fxg5 hxg5 22. Bxg5 Bxg5 23. Nxg5 Rxh2 24. Nh3 Rg4 25. Kf3 f5 26. Qh6 Ncxe5+
27. dxe5 Nxe5+ 28. Ke3 Re4+ 29. Kd2 Nf3+ 30. gxf3 Rexe2+ 31. Kd1 Rd2+ 32. Kc1
Rc2+ 33. Kb1 Rb2+ 34. Kc1 Rxh3 35. Qxh3 Qf4+ 36. Kxb2 Qd2+ 37. Kb1 Qd3+ 38. Kc1
Qxc3+ 39. Kb1 1/2-1/2

[Event "Monroe (RVO/2/12)"]
[Site "?"]
[Date "1986.??.??"]
[Round "?"]
[White "Stefanski, Mark"]
[Black "Kitts, Gary"]
[Result "1-0"]
[WhiteElo "1910"]
[BlackElo "2145"]
[PlyCount "51"]
[EventDate "1986.??.??"]

{2/(12)} 1. e4 Nf6 2. Nc3 d5 3. e5 d4 4. exf6 dxc3 5. fxe7 cxd2+ 6. Bxd2 Bxe7
7. Bf4 O-O 8. Qxd8 Bxd8 9. O-O-O Be6 10. Nf3 c6 11. Bd3 Bf6 12. Ng5 Bd5 13.
Nxh7 Re8 14. Nxf6+ gxf6 15. Rde1 Nd7 16. Re3 Rxe3 17. Bxe3 Ne5 18. Bf5 Kg7 19.
b3 b6 20. h4 c5 21. Rd1 Bc6 22. h5 Kf8 23. f4 Bxg2 24. fxe5 fxe5 25. h6 Ke7 26.
Bg5+ 1-0

[Event "Warren (MCO/5/9)"]
[Site "?"]
[Date "1986.??.??"]
[Round "?"]
[White "Stefanski, Mark"]
[Black "Hahn, David"]
[Result "0-1"]
[WhiteElo "1920"]
[BlackElo "2140"]
[PlyCount "52"]
[EventDate "1986.??.??"]

{5/(9)} 1. e4 g6 2. d4 Bg7 3. f4 c5 4. c3 cxd4 5. cxd4 d5 6. e5 Nc6 7. Nf3 Bg4
8. Be2 Nh6 9. Nc3 Nf5 10. O-O e6 11. Qa4 Bxf3 12. Bxf3 Nfxd4 13. Be3 Nxf3+ 14.
Rxf3 a6 15. Bc5 Bf8 16. Bxf8 Kxf8 17. Raf1 h5 18. Rd1 b5 19. Qb3 Kg7 20. Rfd3
Qb6+ 21. Kf1 Ne7 22. Na4 Qa7 23. Nc3 Nf5 24. Nxd5 exd5 25. Qxd5 Ne3+ 26. Rxe3
Qxe3 0-1

[Event "Warren (MCO/2/25)"]
[Site "?"]
[Date "1986.??.??"]
[Round "?"]
[White "Stefanski, Mark"]
[Black "Grigsby, A.."]
[Result "1-0"]
[WhiteElo "1900"]
[BlackElo "1605"]
[PlyCount "103"]
[EventDate "1986.??.??"]

{2/(25)} 1. e4 e5 2. Nc3 Nf6 3. g3 Bc5 4. Bg2 d6 5. Na4 Bg4 6. Ne2 Nc6 7. h3
Bxe2 8. Qxe2 Nd4 9. Qd1 O-O 10. Nxc5 dxc5 11. O-O Qd7 12. d3 Qc6 13. Be3 b6 14.
f4 Nd7 15. Bxd4 cxd4 16. fxe5 Nxe5 17. Qe2 Qh6 18. Rac1 Qe3+ 19. Qxe3 dxe3 20.
Rfe1 c5 21. Rxe3 c4 22. d4 Nc6 23. e5 Rac8 24. c3 b5 25. e6 b4 26. exf7+ Rxf7
27. Bd5 b3 28. axb3 cxb3 29. Rce1 g6 30. Re8+ Rxe8 31. Rxe8+ Kg7 32. Bxc6 Rf6
33. Bd5 a5 34. Bxb3 Rf3 35. Kg2 Rd3 36. Re2 h5 37. Bc2 Rxc3 38. bxc3 Kh6 39.
Re7 a4 40. h4 a3 41. Ra7 a2 42. g4 hxg4 43. Rxa2 g5 44. Ra6+ Kh5 45. Bg6+ Kh6
46. h5 Kg7 47. Kg3 Kg8 48. Ra7 Kf8 49. Bh7 Ke8 50. h6 Kd8 51. Bf5 Ke8 52. h7
1-0

[Event "Monroe (RVO/5/14)"]
[Site "?"]
[Date "1986.??.??"]
[Round "?"]
[White "Stefanski, Mark"]
[Black "Dautremont, J.."]
[Result "1/2-1/2"]
[WhiteElo "1910"]
[BlackElo "1605"]
[PlyCount "58"]
[EventDate "1986.??.??"]

{5/(14)} 1. e4 e6 2. d4 c5 3. c3 d5 4. exd5 Qxd5 5. Nf3 c4 6. Qa4+ b5 7. Qd1
Bb7 8. a4 a6 9. Be3 Nf6 10. Nbd2 Bd6 11. g3 Qh5 12. Bg2 Nbd7 13. axb5 Qxb5 14.
O-O O-O 15. Qc2 Nb6 16. Rfb1 Nbd5 17. b3 Nxe3 18. fxe3 cxb3 19. Rxb3 Qc6 20.
Nh4 Nd5 21. Kf2 Qc7 22. Rab1 Bc6 23. Qd3 Nf6 24. e4 Rfd8 25. Rb6 Bb5 26. R6xb5
axb5 27. Rxb5 Ra2 28. e5 Bxe5 29. Rc5 Qb8 1/2-1/2

[Event "Warren (MCO/4/43)"]
[Site "?"]
[Date "1986.??.??"]
[Round "?"]
[White "Steen, Harold"]
[Black "Simon, E.."]
[Result "1/2-1/2"]
[WhiteElo "1625"]
[BlackElo "1605"]
[PlyCount "75"]
[EventDate "1986.??.??"]

{4/(43)} 1. e4 e6 2. d4 d5 3. Nc3 c5 4. Be3 cxd4 5. Bxd4 Nc6 6. Nf3 Nxd4 7.
Qxd4 Nf6 8. O-O-O Be7 9. exd5 exd5 10. Nxd5 Nxd5 11. Bb5+ Kf8 12. Qxd5 Qxd5 13.
Rxd5 Be6 14. Re5 Bf6 15. Rc5 a6 16. Bc4 Rc8 17. Rxc8+ Bxc8 18. Rd1 g6 19. Ne5
Bxe5 20. Rd8+ Kg7 21. Rxh8 Kxh8 22. Bxf7 Bxh2 23. Kd2 Kg7 24. Bd5 b5 25. g3 h5
26. Ke1 h4 27. gxh4 Be5 28. b3 Bf6 29. h5 gxh5 30. c4 bxc4 31. Bxc4 Bb7 32. Kf1
h4 33. Kg1 Be5 34. Be6 Kf6 35. Bg4 Kg5 36. f3 a5 37. Kg2 Ba6 38. a4 1/2-1/2

[Event "Warren (MCO/6/29)"]
[Site "?"]
[Date "1986.??.??"]
[Round "?"]
[White "Steen, Harold"]
[Black "Mellen, Steve"]
[Result "0-1"]
[WhiteElo "1625"]
[BlackElo "1790"]
[PlyCount "104"]
[EventDate "1986.??.??"]

{6/(29)} 1. e4 Nf6 2. Nc3 d5 3. e5 Ne4 4. d4 Nxc3 5. bxc3 Bf5 6. Bd3 Bxd3 7.
cxd3 e6 8. Nf3 Nd7 9. O-O Be7 10. Qb3 Rb8 11. c4 c6 12. Ba3 O-O 13. Nd2 Re8 14.
f4 Nb6 15. Bxe7 Rxe7 16. Nf3 Rc7 17. Qb4 Nc8 18. a4 Ne7 19. a5 Nf5 20. c5 Qf8
21. Rf2 b6 22. Rb2 b5 23. Rab1 a6 24. Qe1 Qd8 25. Rb4 Kh8 26. g4 Nh6 27. Qg3
Re7 28. Ra1 Re8 29. Nh4 Qd7 30. Ra2 Rg8 31. g5 Nf5 32. Nxf5 exf5 33. h4 Rbe8
34. h5 Re6 35. Qh3 Re7 36. Rbb2 Qe6 37. Rg2 f6 38. gxf6 gxf6 39. Rxg8+ Qxg8+
40. Kh2 Qg4 41. Qxg4 fxg4 42. Kg3 f5 43. Kh4 Rg7 44. Kg3 Kg8 45. Re2 Kf7 46.
Kh4 g3 47. Rg2 Rg4+ 48. Kh3 Ke6 49. h6 Kf7 50. Rxg3 Rxg3+ 51. Kxg3 b4 52. Kh4
Ke6 0-1

[Event "Warren (MCO/2/47)"]
[Site "?"]
[Date "1986.??.??"]
[Round "?"]
[White "Steen, Harold"]
[Black "Kezele, P.."]
[Result "0-1"]
[WhiteElo "1625"]
[BlackElo "1605"]
[PlyCount "120"]
[EventDate "1986.??.??"]

{2/(47)} 1. e4 c5 2. Nf3 d6 3. d4 cxd4 4. Nxd4 Nf6 5. Nc3 g6 6. f3 Nc6 7. Be3
Bg7 8. Qd2 O-O 9. Bh6 Nxd4 10. Bxg7 Nxf3+ 11. gxf3 Kxg7 12. O-O-O Be6 13. f4
Rc8 14. f5 Bd7 15. h4 Qa5 16. Kb1 Rxc3 17. Qxc3 Qxc3 18. bxc3 Nxe4 19. Re1 Bxf5
20. Kb2 e5 21. Bd3 Nf2 22. Rhg1 Bxd3 23. Rg2 Ne4 24. cxd3 Nc5 25. Re3 b5 26. h5
h6 27. hxg6 fxg6 28. d4 exd4 29. cxd4 Na4+ 30. Kb3 a5 31. Rge2 Nb6 32. Re7+ Rf7
33. R7e6 a4+ 34. Kc2 Nc4 35. Kc3 d5 36. Kb4 Rb7 37. Rg2 g5 38. Rh2 Rb6 39.
Rhxh6 Rxe6 40. Rxe6 Kf7 41. Rc6 g4 42. Kxb5 g3 43. Rc5 g2 44. Rxd5 g1=Q 45.
Kxc4 Qc1+ 46. Kd3 Qa3+ 47. Ke4 Qxa2 48. Rf5+ Kg6 49. Re5 Qe2+ 50. Kf4 Qh2+ 51.
Ke4 a3 52. d5 Qxe5+ 53. Kxe5 a2 54. d6 a1=Q+ 55. Ke6 Qa6 56. Ke7 Qe2+ 57. Kd8
Kf6 58. Kc7 Qc4+ 59. Kd8 Ke6 60. d7 Qd5 0-1